|
|
|
|
| LEADER |
00000nam0a2200000 4500 |
| 001 |
371500 |
| 005 |
20231102012402.0 |
| 035 |
|
|
|a (RuTPU)RU\TPU\retro\28910
|
| 035 |
|
|
|a RU\TPU\retro\28909
|
| 090 |
|
|
|a 371500
|
| 100 |
|
|
|a 20221024d1975 km y0rusy50 ca
|
| 101 |
0 |
|
|a rus
|
| 102 |
|
|
|a RU
|
| 105 |
|
|
|a a z 001zy
|
| 200 |
1 |
|
|a Литолого-палеогеографические исследования при поисках неструктурных залежей углеводородов
|f Всесоюзный нефтяной научно-исследовательский геологоразведочный институт ; под ред. В. А. Гроссгейма
|
| 210 |
|
|
|a Ленинград
|c Изд-во ВНИГРИ
|d 1975
|
| 215 |
|
|
|a 159 с.
|c ил., карты
|
| 225 |
1 |
|
|a Труды Всесоюзного нефтяного научно-исследовательского геологоразведочного института (ВНИГРИ)
|v Вып. 372
|
| 320 |
|
|
|a Библиогр. в конце ст.
|
| 606 |
1 |
|
|a Нефтегазовые месторождения
|x Геология
|2 stltpush
|3 (RuTPU)RU\TPU\subj\68603
|9 83810
|
| 606 |
1 |
|
|a Литология нефтегазовая
|2 stltpush
|3 (RuTPU)RU\TPU\subj\65614
|9 82104
|
| 610 |
1 |
|
|a палеогеография
|
| 610 |
1 |
|
|a породы-коллекторы
|
| 610 |
1 |
|
|a Нижнее Поволжье
|
| 610 |
1 |
|
|a Среднее Поволжье
|
| 610 |
1 |
|
|a гранулометрия
|
| 610 |
1 |
|
|a динамические условия
|
| 610 |
1 |
|
|a формирование
|
| 610 |
1 |
|
|a строение
|
| 610 |
1 |
|
|a Южный Мангышлак
|
| 610 |
1 |
|
|a Прибалтика
|
| 610 |
1 |
|
|a ситовый метод
|
| 610 |
1 |
|
|a карты песчанистости
|
| 610 |
1 |
|
|a расчеты
|
| 610 |
1 |
|
|a палеогеографические реконструкции
|
| 675 |
|
|
|a 553.98
|v 3
|
| 675 |
|
|
|a 622.276.03
|v 3
|
| 702 |
|
1 |
|a Гроссгейм
|b В. А.
|4 340
|
| 712 |
0 |
2 |
|a Всесоюзный нефтяной научно-исследовательский геологоразведочный институт
|c (Ленинград)
|c (1945-1991)
|2 stltpush
|3 (RuTPU)RU\TPU\col\7662
|9 24357
|
| 801 |
|
1 |
|a RU
|b 63413507
|c 20200715
|
| 801 |
|
2 |
|a RU
|b 63413507
|c 20221024
|g RCR
|
| 942 |
|
|
|c BK
|